Statistics for R Subdivisions - Easy

Click here to take the quiz!

General Stats

  • This quiz has been taken 10 times
  • The average score is 32 of 113

Answer Stats

HintAnswer% Correct
MoroccoRabat-Sale-Kenitra
86%
FranceReunion
71%
IcelandReykjavik
71%
LatviaRiga
71%
United StatesRhode Island
57%
Saudi ArabiaRiyadh
57%
IndiaRajasthan
43%
Bosnia and HerzegovinaRepublika Srpska
43%
SloveniaRace-Fram
29%
GeorgiaRacha-Lechkhumi and Kvemo Svaneti
29%
SloveniaRadece
29%
SloveniaRadenci
29%
SloveniaRadlje ob Dravi
29%
North MacedoniaRadovis
29%
SloveniaRadovljica
29%
BahamasRagged Island
29%
UgandaRakai
29%
IcelandRangarthing eystra
29%
IcelandRangarthing ytra
29%
BangladeshRangpur
29%
ThailandRanong
29%
EstoniaRapla
29%
SyriaRaqqa
29%
United Arab EmiratesRas Al Khaimah
29%
CambodiaRatanakiri
29%
SloveniaRavne na Koroskem
29%
ThailandRayong
29%
IranRazavi Khorasan
29%
SloveniaRecica ob Savinji
29%
LuxembourgRedange
29%
Egypt | SudanRed Sea
29%
LuxembourgRemich
29%
Solomon IslandsRennell and Bellona
29%
GuatemalaRetalhuleu
29%
IcelandReykholahreppur
29%
IcelandReykjanesbaer
29%
Latvia (City) | Latvia (Municipality)Rezekne
29%
MoldovaRezina
29%
GermanyRhineland-Palatinate
29%
IndonesiaRiau
29%
IndonesiaRiau Islands
29%
Cape VerdeRibeira Brava
29%
Cape VerdeRibeira Grande
29%
Cape VerdeRibeira Grande de Santiago
29%
SloveniaRibnica
29%
SloveniaRibnica na Pohorju
29%
BrazilRio de Janeiro
29%
BrazilRio Grande do Norte
29%
BrazilRio Grande do Sul
29%
Argentina | UruguayRio Negro
29%
NicaraguaRio San Juan
29%
MoldovaRiscani
29%
NicaraguaRivas
29%
UruguayRivera
29%
LiberiaRivercess
29%
LiberiaRiver Gee
29%
NigeriaRivers
29%
UkraineRivne
29%
TurkiyeRize
29%
UruguayRocha
29%
SeychellesRoche Caiman
29%
MauritiusRodrigues
29%
NorwayRogaland
29%
SloveniaRogaska Slatina
29%
SloveniaRogasovci
29%
SloveniaRogatec
29%
ThailandRoi Et
29%
BrazilRondonia
29%
Marshall IslandsRongelap
29%
LatviaRopazi
29%
BrazilRoraima
29%
IrelandRoscommon
29%
RussiaRostov
29%
FijiRotuma
29%
UgandaRubanda
29%
UgandaRubirizi
29%
UgandaRukiga
29%
UgandaRukungiri
29%
TanzaniaRukwa
29%
BahamasRum Cay
29%
BurundiRumonge
29%
BurundiRutana
29%
TanzaniaRuvuma
29%
South SudanRuweng
29%
BurundiRuyigi
29%
UgandaRwampara
29%
North KoreaRyanggang
29%
RussiaRyazan
29%
BangladeshRajshahi
14%
MyanmarRakhine
14%
North MacedoniaRankovce
14%
SerbiaRasina
14%
SerbiaRaska
14%
ThailandRatchaburi
14%
MonacoRavin de Sainte-Devote
14%
YemenRaymah
14%
BulgariaRazgrad
14%
SloveniaRazkrizje
14%
AlgeriaRelizane
14%
SloveniaRence-Vogrsko
14%
North MacedoniaResen
14%
SyriaRif Dimashq
14%
ColombiaRisalrada
14%
SudanRiver Nile
14%
North MacedoniaRosoman
14%
MontenegroRozaje
14%
LiechtensteinRuggell
14%
Bulgaria | SloveniaRuse
14%
North KoreaRason
0%

Score Distribution

Percentile by Number Answered

Percent of People with Each Score

Your Score History

You have not taken this quiz